Statistics for Vera Farmiga Filmography

Click here to take the quiz!

General Stats

  • This quiz has been taken 6 times
    (2 since last reset)
  • The average score is 18 of 63

Answer Stats

Type Year Name % Correct
Film2020The Conjuring: The Devil Made Me Do It
100%
Film2013The Conjuring
100%
TV Show2013-2017Bates Motel
100%
Film2016The Conjuring 2
100%
Film2012Goats
50%
Film2009Orphan
50%
Film2008The Boy in the Striped Pyjamas
50%
Film2012Safe House
50%
Film2008In Transit
50%
Film2011Source Code
50%
Film2009Up in the Air
50%
Film2007Never Forever
50%
Film2006The Departed
50%
Film2010Henry's Crime
50%
Film2006Running Scared
50%
Film2014The Judge
50%
Film2016Special Correspondents
50%
Film2013At Middleton
50%
Film2011Higher Ground
50%
Film200115 Minutes
50%
Film2019Godzilla: King of the Monsters
50%
Film2018The Commuter
50%
Film2002Dummy
50%
Film2018Boundaries
50%
Film2018The Front Runner
50%
TV Film2001Snow White: The Fairest of Them All
50%
Film2018The Nun
50%
Web Mini-Series2019When They See Us
50%
Film2018Skin
50%
Film2019Annabelle Comes Home
50%
TV Show1998Law & Order
50%
Film2019Captive State
50%
Film2020The Many Saints of Newark
0%
Short Film2016The Escape
0%
TV Show2018Philip K. Dick's Electric Dreams
0%
Documentary2017Unspoken
0%
Film2013Closer to the Moon
0%
Film2016Burn Your Maps
0%
Theater1996The Tempest
0%
Film2009A Heavenly Vintage
0%
Film2002Love in the Time of Money
0%
Theater1996Taking Sides
0%
TV Show1997Roar
0%
TV Film1997Rose Hill
0%
Theater1997Second-Hand Smoke
0%
Film1998Return to Paradise
0%
Film2000The Opportunists
0%
Film2000Autumn in New York
0%
Film2001Dust
0%
TV Show2001-2002UC: Undercover
0%
Theater2002Under the Blue Sky
0%
Theater1996Good
0%
Film2004Down to the Bone
0%
Film2004Mind the Gap
0%
Film2004The Manchurian Candidate
0%
TV Film2004Iron Jawed Angels
0%
TV Show2004Touching Evil
0%
Film2005Neverwas
0%
Film2006Breaking and Entering
0%
Film2006The Hard Easy
0%
Film2007Joshua
0%
Film2008Quid Pro Quo
0%
Film2008Nothing but the Truth
0%

Score Distribution

Percentile by Number Answered

Percent of People with Each Score

Your Score History

You have not taken this quiz since the last reset